MARC

LEADER 00000nam0a2200000 4500
001 164044
005 20231031161056.0
010 |a 5752503663 
020 |a RU  |b 92-12183 
035 |a (RuTPU)RU\TPU\book\177973 
090 |a 164044 
100 |a 20090827d1992 m y0rusy5003 ca 
101 0 |a rus 
102 |a RU 
105 |a y z 001zy 
200 1 |a На пути интенсификации промышленного производства  |e (Из опыта 20-х гг.)  |f Бакулин В. И. 
210 |a Екатеринбург  |c Изд-во Урал. ун-та  |d 1992 
215 |a 168 с. 
304 |a Загл. обл. : На пути интенсификации производства 
320 |a Библиогр. в примеч. в конце глав. 
610 1 |a организация труда 
610 1 |a интенсификация 
610 1 |a производство 
610 1 |a промышленность 
610 1 |a труд 
610 1 |a СССР 
610 1 |a 20 век 
610 1 |a история 
610 1 |a индустриализация 
610 1 |a НЭП 
610 1 |a новая экономическая политика 
610 1 |a научная организация труда 
610 1 |a НОТ 
675 |a 658.011.46  |z rus 
700 1 |a Бакулин  |b В. И.  |g Владимир Иванович  |4 070 
801 0 |a RU  |b RuMRKP  |c 19950417  |g psbo 
801 1 |a RU  |b 63413507  |c 20090827 
801 2 |a RU  |b 63413507  |c 20100426  |g RCR 
942 |c BK